Movie Remakes Quiz Stats

 Plays Quiz Updated Oct 31, 2018

Score 0/22 Timer 07:00
5 Plays Today
Notable Star Movie % Correct
Hayley Mills (1961)The Parent Trap
69.6%
Frank Sinatra (1960)Ocean's Eleven
67%
Peter Sellers (1963)The Pink Panther
57.4%
Anthony Perkins (1960)Psycho
55.9%
Burt Reynolds (1974)The Longest Yard
55.2%
Charlton Heston (1968)Planet of the Apes
50.7%
Vincent Price (1958)The Fly
45.7%
Jerry Lewis (1963)The Nutty Professor
44.5%
Richard Roundtree (1971)Shaft
39%
Michael Caine (1969)The Italian Job
35%
Steve McQueen (1968)The Thomas Crown Affair
34.1%
Notable Star Movie % Correct
Robert Mitchum (1962)Cape Fear
31.8%
Michael Rennie (1951)The Day the Earth Stood Still
30.3%
Robert Armstrong (1933)King Kong
29.6%
Frank Sinatra (1962)The Manchurian Candidate
28.8%
Spencer Tracy (1950)Father of the Bride
26.1%
Audrey Hepburn (1954)Sabrina
20.8%
Katharine Ross (1975)The Stepford Wives
18.7%
Jonathan Haze (1960)Little Shop of Horrors
18.3%
Alec Guinness (1955)The Ladykillers
13.8%
Van Heflin (1957)3:10 to Yuma
11.1%
David Emge (1978)Dawn of the Dead
7.7%

You're not logged in!

Compare scores with friends on all Sporcle quizzes.
OR
Log In

Sporcle TV

Today on Sporcle TV


Watch our educational content, quiz creation guides, and fun videos on Sporcle TV.

Show Comments

Extras

Top Quizzes Today


Score Distribution

Your Account Isn't Verified!

In order to create a playlist on Sporcle, you need to verify the email address you used during registration. Go to your Sporcle Settings to finish the process.

Report this User

Report this user for behavior that violates our Community Guidelines.

Details: